Sprachlehre der Wiener Mundart /

Hlavní autor: Schuster, Mauriz, 1879-1952
Další autoři: Schikola, Hans, 1890-1967
Jazyk: Němčina
Vydáno: Wien : Österreichischer Bundesverlag, 1984
Témata:
Fyzický popis: 208 s.
Knihy
Uloženo v:
LEADER 00809nam a2200241 a 4500
001 000985448
003 CZ BrMZK
005 20180410114843.0
007 ta
008 010907s1984 au 000 0 ger d
020 |a 3-215-05241-5 
040 |a BOA001  |b cze  |e aacr2 
100 1 |a Schuster, Mauriz,  |d 1879-1952  |7 xx0133558  |4 aut 
245 1 0 |a Sprachlehre der Wiener Mundart /  |c Mauriz Schuster, Hans Schikola 
260 |a Wien :  |b Österreichischer Bundesverlag,  |c 1984 
300 |a 208 s. 
653 |a jazykověda 
653 |a vídeňské nářečí 
700 1 |a Schikola, Hans,  |d 1890-1967  |7 mzk2012734322  |4 aut 
910 |a BOA001  |b RK-0002.108 
990 |a BK 
991 |z 000011686  |x 33 
996 7 |b 261A003593  |c RK-0002.108  |l Rakouská knihovna/2.patro  |r ZHR  |n 16  |p {1-SW-02.108}  |h SW  |w 000985448  |u 000010  |a 0  |e BOA001  |j MZK50  |s A